Centre de formació i treball Flor de Maig : [2002] [2002]
Publicado:
[Barcelona] :
Diputació Barcelona. Xarxa de Municipis : Flor de Maig. Centre de Formació i Treball, DL 2002
Descripción Física:
1 f. plegat en 3 parts ; 21 cm
MARC
| LEADER | 00000nam a2200000Ia 4500 | ||
|---|---|---|---|
| 001 | 24273 | ||
| 008 | 160829s9999 xx 000 0 cat d | ||
| 080 | |a FU-64-112 | ||
| 245 | |a Centre de formació i treball Flor de Maig : |b [2002] | ||
| 260 | |a [Barcelona] : |b Diputació Barcelona. Xarxa de Municipis : |b Flor de Maig. Centre de Formació i Treball, DL 2002 | ||
| 300 | |a 1 f. plegat en 3 parts ; |c 21 cm | ||
| 650 | |a Centre de formació i treball Flor de Maig |x Guies |9 49490 | ||
| 650 | |a Formació professional |x Cerdanyola del Vallès |9 49491 | ||
| 710 | |a Flor de Maig |9 54173 | ||
| 710 | 1 | |a Barcelona (Catalunya : Província). |b Diputació |9 52408 | |
| 901 | |a Arxiu | ||
| 942 | |n 1 | ||
| 952 | |0 0 |1 0 |4 0 |6 FU64112 |7 1 |9 55397 |a Arxiu |b Arxiu |d 2016-12-01 |l 0 |o FU-64-112 |p 24273 |r 2016-12-01 00:00:00 |w 2016-12-01 |y ARXIU | ||
| 999 | |c 59270 |d 59270 | ||